| Tag |
First Indicator |
Second Indicator |
Subfields |
| LEADER |
00000cas a2200000Ia 4500 |
| 001 |
in00002007458 |
| 005 |
20151031142541.0 |
| 006 |
m d |
| 007 |
cm ug ---uuuuu |
| 008 |
040324c20039999iluar s 1 0eng d |
| 035 |
|
|
|a (OCoLC)ocm54797306
|
| 040 |
|
|
|a UPM
|c UPM
|d OCLCQ
|d TXA
|d UtOrBLW
|
| 049 |
|
|
|a TXAM
|
| 050 |
1 |
4 |
|a TS1950
|b .R43
|
| 090 |
|
|
|a TS1950
|b .R4
|
| 111 |
2 |
|
|a Annual Reciprocal Meat Conference.
|
| 245 |
1 |
0 |
|a Proceedings of the ... Reciprocal Meat Conference /
|c American Meat Science Association.
|
| 246 |
1 |
|
|i Vol. for 2004 has title:
|a Proceedings of the ... RMC
|
| 246 |
1 |
|
|a Proceedings
|
| 264 |
|
1 |
|a [Savoy, Ill.] :
|b American Meat Science Association,
|c [2003-]
|
| 264 |
|
4 |
|c ©2003-
|
| 300 |
|
|
|a CD-ROMs ;
|c 4 3/4 in.
|
| 310 |
|
|
|a Annual
|
| 336 |
|
|
|a text
|b txt
|2 rdacontent
|
| 337 |
|
|
|a computer
|b c
|2 rdamedia
|
| 338 |
|
|
|a computer disc
|b cd
|2 rdacarrier
|
| 362 |
0 |
|
|a 56th (June 15-28, 2003)-
|
| 500 |
|
|
|a Title from disc label.
|
| 530 |
|
|
|a Also available online.
|
| 550 |
|
|
|a Sponsored by the National Cattlemen's Beef Association on behalf of the Beef Checkoff Program.
|
| 550 |
|
|
|a Vol. for 2005 issued with the proceedings of the 51st International Congress of Meat Science and Technology.
|
| 500 |
|
|
|a Electronic resource.
|
| 650 |
|
0 |
|a Meat
|v Congresses.
|
| 710 |
2 |
|
|a American Meat Science Association.
|
| 710 |
2 |
|
|a National Cattlemen's Beef Association (U.S.)
|
| 711 |
2 |
|
|a International Congress of Meat Science & Technology
|g 51st (Aug. 7-12, 2005)
|
| 780 |
0 |
0 |
|a Reciprocal Meat Conference.
|t Annual Reciprocal Meat Conference, proceedings
|x 1541-8685
|w (DLC) 2002215318
|w (OCoLC)29435888
|
| 994 |
|
|
|a E0
|b TXA
|
| 948 |
|
|
|a cataloged
|b h
|c 2005/11/7
|d c
|e coplinger
|f 10:32:20 am
|
| 999 |
|
|
|a MARS
|
| 999 |
f |
f |
|s 5568c25b-fc1c-308a-aea9-9b15921a93f5
|i 84c815e4-f38b-3898-a0b1-b0bfeb3e781c
|t 0
|
| 952 |
f |
f |
|p ric
|a Texas A&M University
|b Rellis Campus
|c Joint Library Facility
|d Remote Storage
|t 0
|e TS1950 .R4
|h Library of Congress classification
|i computer -- computer disc
|k 58th
|l 2005
|m A14833989450
|
| 952 |
f |
f |
|p ric
|a Texas A&M University
|b Rellis Campus
|c Joint Library Facility
|d Remote Storage
|t 0
|e TS1950 .R4
|h Library of Congress classification
|i computer -- computer disc
|k 60th
|l 2007
|m A14834023710
|
| 952 |
f |
f |
|p ric
|a Texas A&M University
|b Rellis Campus
|c Joint Library Facility
|d Remote Storage
|t 0
|e TS1950 .R4
|h Library of Congress classification
|i computer -- computer disc
|k 61st
|l 2008
|m A14837463511
|
| 952 |
f |
f |
|p ric
|a Texas A&M University
|b Rellis Campus
|c Joint Library Facility
|d Remote Storage
|t 0
|e TS1950 .R4
|h Library of Congress classification
|i computer -- computer disc
|k 57th
|l 2004
|m A14833266909
|
| 952 |
f |
f |
|p ric
|a Texas A&M University
|b Rellis Campus
|c Joint Library Facility
|d Remote Storage
|t 0
|e TS1950 .R4
|h Library of Congress classification
|i computer -- computer disc
|k 59th
|l 2006
|m A14833992665
|
| 998 |
f |
f |
|a TS1950 .R4
|s 57th-61st (2004-2008)
|t 0
|l Remote Storage
|